Statistics for U.S. States with the Most JetPunk Users

Click here to take the quiz!

General Stats

  • This quiz has been taken 821 times
    (162 since last reset)
  • The average score is 8 of 10

Answer Stats

%State% Correct
10.7California
98%
8.0Texas
96%
9.0New York
94%
6.0Florida
90%
5.3Georgia
69%
5.7Illinois
68%
5.0Ohio
65%
4.3Pennsylvania
65%
6.9Virginia
57%
4.2North Carolina
55%

Score Distribution

Percentile by Number Answered

Percent of People with Each Score

Your Score History

You have not taken this quiz since the last reset